Religions of Europe on a Map - Statistics

General Stats
  • This quiz has been taken 285 times
  • The average score is 5 of 6
Answers on the Map
Answers color-coded by a green-red scale on the quiz's map according to % correct below.
 
Answer Stats
Hint Answer % Correct
Catholic
100%
Orthodox
97%
Protestant
96%
Sunni
85%
Shia
81%
Vajrayana
22%
No matching quizzes found
Score Distribution
Percent of People with Each Score
Percentile by Number Answered
Your Score History
You have not taken this quiz